000 00607nam a2200229Ia 4500
003 OSt
005 20220928113718.0
006 a|||||r|||| 00| 0
007 ta
008 220927b |||||||| |||| 00| 0 eng d
024 _a31059
037 _cTextual
040 _aSDCL
_cSDCL
_beng
041 _2eng
_aeng
082 _aX9:51.73'N9, N5
100 _aUtton M A
_9375656
245 0 _aMarket dominance and antitrust policy
260 _aAldershot
_bEdward Elgar
_c1995
300 _avii,342p
_ccm.
942 _hX9:51.73'N9, N5
_cTEXL
_2CC
999 _c750949
_d750949